Les déchus (Record no. 75115)

MARC details
000 -LEADER
campo de control de longitud fija 00878nam a2200253 i 4500
001 - NÚMERO DE CONTROL
campo de control 75115
003 - IDENTIFICADOR DE NÚMERO DE CONTROL
campo de control ES-MaACL
005 - FECHA Y HORA DE LA ÚLTIMA TRANSACCIÓN
campo de control 20250927103015.0
007 - CAMPO FIJO DE DESCRIPCIÓN FÍSICA--INFORMACIÓN GENERAL
campo de control de longitud fija t|
008 - DATOS DE LONGITUD FIJA--INFORMACIÓN GENERAL
campo de control de longitud fija 040922s1906 fr ||||1| fre d
100 1# - ENTRADA PRINCIPAL--NOMBRE DE PERSONA
Nombre de persona Gor'kiï, Maksim.
9 (RLIN) 59128
245 14 - MENCIÓN DEL TÍTULO
Título Les déchus
Resto del título : ; Le ménage Orlov ; Les ex-hommes /
Mención de responsabilidad, etc. Máximo Gorki (seud.) ; traduits par S. Kikina et P.G. Chesnais.
250 ## - MENCION DE EDICION
Mención de edición 5ème ed.
260 ## - PUBLICACIÓN, DISTRIBUCIÓN, ETC.
Lugar de publicación, distribución, etc. Paris :
Nombre del editor, distribuidor, etc. Société du Mercure de France,
Fecha de publicación, distribución, etc. 1906 (
Lugar de fabricación/manufactura Poitiers :
Fabricante Blais et Roy)
300 ## - DESCRIPCIÓN FÍSICA
Extensión 271 p., 1 lám. :
Otras características físicas retr. aut. ;
Dimensiones 19 cm.
490 1# - MENCIÓN DE SERIE
Mención de serie Collection d'auteurs étrangers
700 1# - ENTRADA AGREGADA--NOMBRE PERSONAL
Nombre de persona Kikina, S.
9 (RLIN) 68023
700 1# - ENTRADA AGREGADA--NOMBRE PERSONAL
Nombre de persona La Chesnais, Pierre Georget,
Fechas asociadas al nombre 1865-1948
9 (RLIN) 70386
740 3# - ENTRADA AGREGADA--TÍTULO RELACIONADO/ANALÍTICO NO CONTROLADO
Título relacionado o analítico no controlado Le ménage Orlov.
740 4# - ENTRADA AGREGADA--TÍTULO RELACIONADO/ANALÍTICO NO CONTROLADO
Título relacionado o analítico no controlado Les ex-hommes.
830 0# - PUNTO DE ACCESO ADICIONAL DE SERIE-TÍTULO UNIFORME
Título uniforme Collection d'auteurs étrangers
9 (RLIN) 183465
852 ## - LOCALIZACIÓN
Ubicación ES-MaACL
Número de control de estantería F-9542
Holdings
Estatus retirado Estado de pérdida Estado de daño No para préstamo Biblioteca de origen Biblioteca actual Ubicación en estantería Fecha de adquisición Fuente de adquisición Total de préstamos Signatura topográfica completa Código de barras Visto por última vez Precio de reemplazo Tipo de ítem Koha
        Biblioteca del Ateneo de Madrid Biblioteca del Ateneo de Madrid Sala Pecera Planta 2 17/01/2008     F-9542 1078621 23/02/2023 23/02/2023 Libro impreso